Zvyšovanie životnej úrovne najskôr o dvanásť rokov podľa štatistík je vyše desať percent ...

Bibliographic Details
Main Author: Šášky, Miroslav, 1959-2007 (Author)
Format: Article
Language:Slovak
PhysicalDescription:Grafy
ISSN:1335-4698
Subjects:

MARC

LEADER 00000nab a2200000 a 4500
001 vtls000732765
003 SK-MaSNL
005 20260302193002.0
008 180205c2000 xo 0 slo
015 |a SNBRB2000/09-23937 
035 |a CLN000084875 
040 |a SNKBUCL  |b slo  |c SNKBUCL  |e AACR2 
041 0 |a slo 
044 |a xo  |c SK 
080 |a 330.59(437.6)  |2 UDC-MRF-SK2 
100 1 |a Šášky, Miroslav,  |d 1959-2007  |4 aut  |9 103753 
245 1 0 |a Zvyšovanie životnej úrovne najskôr o dvanásť rokov  |b podľa štatistík je vyše desať percent ...  |c Miroslav Šášky 
300 |b Grafy 
650 0 7 |a životná úroveň  |z Slovensko  |2 snkbucl  |9 70213 
655 7 |a články z novín a časopisov  |2 snkbucl  |9 267496 
773 0 |x 1335-4698  |t Slovenská republika  |g Roč. 8, č. 202 (2.9.2000), s. 4 
850 |a Slovenská národná knižnica v Martine 
852 |a SNK  |b KIS3GCP 
958 |a RBX 
999 |c 1442829  |d 1444759